000 00595nam a22002057a 4500
999 _c20470
_d20470
003 AR-CdUCM
008 190530b ||||| |||| 00| 0 spa d
040 _aMUNICIPALIDAD PROVINCIAL DEL CUSCO
_cBIBLIOTECA MUNICIPAL DEL CUSCO
082 _a869.56 /
_bC415
100 _aCerna Guardia, Rosa
_92656
245 _aEl mar y las montañas /
260 _aLima :
_c1959.
300 _a50 páginas ;
_c22 cm.
505 _aContenido: Poesía peruana.
650 _aPoesía peruana
_9806
650 _aPoemas
_9929
650 _aMontañas
_9629
942 _2ddc
_cLIBROS
945 _adavv
_d2019-05-30